000 00666nam a2200205Ia 4500
005 20231121153834.0
008 131103s9999 xx 000 0 und d
040 _aLoreto College
041 _aEnglish
082 _a323
_bHOO
100 _aHook, Sidney
245 _aPolitical Powers and Personal Freedom
_b Critical Studies in Democracy, Communism and Civil Rights
_cSidney Hook
260 _aNew York
_bCollier Book
_c1959(1965 printing)
300 _a539 p.
504 _aIncludes bibliographical references and index
650 _aPolitics - Political Right - Democracy - Freedom -
651 _aPolitical Science -
850 _aLCLIB
942 _cBK
999 _c1253
_d51732